00634nam a22002057a 450000500170000001000390001702000280005603500180008403500240010203500130012603700100013903700130014908200120016210000190017424500790019326000460027227000660031830000250038450000190040920230703101318.0 a1617EN ENG-116224 ENG-137234  a9780198060451c895.00  aB-649788-796  aEN-99756 EN-120766 aB-664898 bUppal bDBAD/PUB a320.954 aParekh, Bhikhu aDebating India:bessays on Indian political discourse / cby Bhikhu Parekh aNew Delhi bOxford University Pressc2015 aYMCA Library Building, 1 Jai Singh Road, bNew Delhi e110001 axix, 374p.c22cm(Hb) aIncludes index